Responses for Show #5297 - Tuesday, September 25, 2007

Contestants

[<< previous game]

Susan Christman, a lawyer from Independence, Virginia

Kirk Jordan, a third grade teacher from Long Beach, California

Elizabeth McKenna, a graduate student and cancer researcher originally from Queens, New York (whose 1-day cash winnings total $5,399)

[next game >>]

Jeopardy! Round responses

OLIVE OIL
BRUTUS
SWEET "P"
WIMPY
SPIN-AGE
POP-EYE
    $200 6
California

Kirk
    $200 18
William Shakespeare

Elizabeth
    $200 1
Prince

Kirk
    $200 11
Aesop

Elizabeth
    $200 12
Exxon(Mobil)

Kirk
    $200 13
Mark Wahlberg

Elizabeth
    $400 7
virgin

Elizabeth
    $400 19
[ERRATUM: Dante wrote the work between 1308 and 1321.]

Dante's Inferno

Elizabeth
    $400 2
(Kirk: What are peonies?)

pinks

KirkSusan
    $400 27
(Alex: In The Wizard of Oz.)

the Cowardly Lion

Elizabeth
    $400 23
(Kirk: What is Marlboro?)

Philip Morris

KirkSusan
    $400 14
Lyle Lovett

Elizabeth
    $600 8
acidity

Susan
    $600 20
Plutarch

Triple Stumper
    $600 3
Walter Payton

Susan
    $600 28
Catch-22

Elizabeth
    $600 24
Wal-Mart

Kirk
    $600 15
Bruce Willis

Kirk
    $800 9
(Susan: What is shish kebab?)

souvlaki

Susan
Triple Stumper
    $800 21
Cassius

Kirk
    $800 4
the pancreas

Susan
    $1,000 29
(Elizabeth: Who is...?)
[The end-of-round signal sounds.]

Oscar Wilde

Elizabeth
    $800 25
Microsoft

Elizabeth
    $800 16
Rick Springfield

Kirk
    $1000 10
(Elizabeth: What is the Salk Institute?)

Caltech

Elizabeth
Triple Stumper
    $1000 22
Pompey

Triple Stumper
    $1000 5
(Elizabeth: What is sweet potato pie?)

patootie

Elizabeth
Triple Stumper
    $1000 26
Star Wars

Triple Stumper
    $1000 17
Frank Sinatra

Susan

Scores at the first commercial break (after clue 15):

Elizabeth Kirk Susan
-$800 $800 $1,600

Scores at the end of the Jeopardy! Round:

Elizabeth Kirk Susan
$600 $2,600 $3,000

Double Jeopardy! Round responses

THE EPA P3 EXPO
(Alex: People, Prosperity and the Planet.)
COMPLETES THE STAR TREK EPISODE TITLE
THE MEDITERRANEAN ISLE WHERE...
(Alex: ...certain things happen.)
INSECTS
THE "B"IBLE
IT'S ALL GOOD
    $400 12
Tribbles

Kirk
    $400 13
Rhodes

Elizabeth
    $400 6
crickets

Susan
    $400 7
Bathsheba

Susan
    $400 1
positive

Elizabeth
    $800 22
"Gone Before"

Elizabeth
    $800 14
Crete

Kirk
    $800 18
the boll weevil

Kirk
    $800 8
Baal

Triple Stumper
    $800 2
Terrific

Elizabeth
    $1200 23
(Kirk: Who is Scotty?)

Spock

KirkSusan
    $1200 15
Lesbos

Elizabeth
    $1200 19
a cicada

Elizabeth
    $1200 9
Benjamin

Elizabeth
    $1,800 3
(Elizabeth: Umm....Above average?)

outstanding

Elizabeth
    $1600 24
"Forever"

Elizabeth
    $1600 16
Ithaca

Triple Stumper
    $600 20
(Elizabeth: What is eye?)

wing

Elizabeth
    $1600 11
Barnabas

Elizabeth
    $1600 4
great

Kirk
    $2000 25
[The end-of-round signal sounds.]

"the Sky"

Triple Stumper
    $2000 17
Malta

Susan
    $2000 21
(Susan: What are beetles?)

grasshoppers

Susan
Triple Stumper
    $2000 10
Belshazzar

Triple Stumper
    $2000 5
(Susan: What's an extravaganza?)
(Elizabeth: What is extravagant?)

spectacular

ElizabethSusan
Triple Stumper

Scores at the end of the Double Jeopardy! Round:

Elizabeth Kirk Susan
$5,400 $5,000 $3,000

[wagering suggestions for these scores]

Final Jeopardy! Round responses

20th CENTURY FICTIONAL CHARACTERS
SusanWho is
$2,999
KirkWho is Atticus Finch
$5,000
ElizabethWho is Perry Mason?
$4,601
Atticus Finch

Final scores:

Elizabeth Kirk Susan
$799 $10,000 $1
2nd place: $2,000 New champion: $10,000 3rd place: $1,000

Game dynamics:

Coryat scores:

Elizabeth Kirk Susan
$8,800 $5,000 $3,000
18 R,
6 W
(including 3 DDs)
11 R,
3 W
10 R,
3 W

Combined Coryat: $16,800

[game clues] [game scores] [suggest correction]

Game tape date: 2007-07-24
The J! Archive is created by fans, for fans. Scraping, republication, monetization, and malicious use prohibited; this site may use cookies and collect identifying information. See terms. The Jeopardy! game show and all elements thereof, including but not limited to copyright and trademark thereto, are the property of Jeopardy Productions, Inc. and are protected under law. This website is not affiliated with, sponsored by, or operated by Jeopardy Productions, Inc. Join the discussion at JBoard.tv.